000 00771cam a2200157 4500500
005 20251012005151.0
041 _afre
042 _adc
100 1 0 _aGautier, Benoît
_eauthor
245 0 0 _aMaurras is back
260 _c2025.
500 _a83
520 _aEl posliberalismo católico estadounidense se inspira en los contrarrevolucionarios y en Maurras para defender la moral definida por la Iglesia en detrimento de los derechos humanos. Parece estar recobrando relevancia dentro del catolicismo francés desde «La manif pour tous», lo que debería ser alertar a la Iglesia.
786 0 _nEsprit | Juillet-Août | 7-8 | 2025-07-02 | p. 101-109 | 0014-0759
856 4 1 _uhttps://shs.cairn.info/revista-esprit-2025-7-8-page-101?lang=es&redirect-ssocas=7080
999 _c1516904
_d1516904